| 000 | 00812nam a22002537a 4500 | ||
|---|---|---|---|
| 001 | 7377 | ||
| 003 | FISKH | ||
| 005 | 20250711102418.0 | ||
| 008 | 250711b cb ||||| |||| 00| 0 eng d | ||
| 020 | _a9780395901250 | ||
| 040 |
_aFISKH _beng _cFISKH _dFISKH |
||
| 050 | _aPZ8 .O42 | ||
| 082 | _a784.4 | ||
| 100 | _aJones, Carol | ||
| 245 |
_aOld MacDonald had a farm / _cIllustrated by Carol Jones |
||
| 250 | _aThis edition published in 1989 | ||
| 260 |
_aNew York : _bHoughton Mifflin, _c1988 |
||
| 300 |
_a32 unnumbered pages : _bcolor illustrations ; _c18 x 26 cm |
||
| 505 | _aNP | ||
| 520 | _aIn this version of the familiar song, the reader is asked to guess which animal comes next by looking through a peep hole. | ||
| 650 |
_aAnimals _vPicture Book |
||
| 942 |
_2ddc _cBK _n0 |
||
| 999 |
_c7377 _d7377 |
||